Statystyki dla Państwa śródlądowe (z mapą)

Kliknij tutaj aby rozwiązać quiz!

Ogólne statystyki

  • Ten quiz został rozwiązany 76 razy
    (75 od ostatniego zresetowania)
  • Średni wynik to 37 z 45

Odpowiedzi na mapie

Odpowiedzi skodowane kolorowo w zielono-czerwonej skali na mapie do tego quizu, zgodnie z poniższymi procentami.
 

Statystyki odpowiedzi

Odpowiedź% Poprawnych
Czechy
96%
Słowacja
96%
Austria
93%
Białoruś
93%
Kosowo
93%
Mongolia
93%
Węgry
93%
Czad
91%
Mołdawia
91%
Paragwaj
91%
Serbia
91%
Szwajcaria
91%
Boliwia
89%
Luksemburg
89%
Macedonia Północna
89%
Nepal
89%
San Marino
89%
Andora
88%
Niger
88%
Afganistan
86%
Kazachstan
86%
Kirgistan
86%
Watykan
86%
Bhutan
84%
Lesotho
84%
Sudan Południowy
84%
Tadżykistan
84%
Liechtenstein
80%
Mali
80%
Uganda
80%
Armenia
79%
Republika Środkowoafrykańska
79%
Uzbekistan
79%
Zambia
79%
Botswana
77%
Rwanda
77%
Turkmenistan
77%
Laos
73%
Zimbabwe
73%
Burkina Faso
71%
Azerbejdżan
66%
Eswatini
66%
Malawi
66%
Burundi
64%
Etiopia
64%

Rozkład punktacji

Percentyl według liczby udzielonych odpowiedzi

Procent ludzi z każdym wynikiem

Twoja historia wyników

Nie rozwiązałeś tego quizu od ostatniego zresetowania